Slané variácie
Špecifiká predaja snackov a ich rozdelenie na kategórie. Priemerná ročná spotreba slaných snackov. Podiel predaja slaných snackov na trhu. Obalová technika tohto sortimentu a jeho distribúcia.
Salvato in:
| Autore principale: | |
|---|---|
| Natura: | Capitolo di libro |
| Lingua: | slovacco |
| Soggetti: | |
| Tags: |
Nessun Tag, puoi essere il primo ad aggiungerne!!
|
MARC
| LEADER | 00000naa a2200000 4500 | ||
|---|---|---|---|
| 001 | r041473 | ||
| 005 | 20231004093604.7 | ||
| 041 | 0 | |a slo | |
| 044 | |a SK | ||
| 245 | 1 | 0 | |a Slané variácie |c Denisa Marinkovičová |
| 520 | |a Špecifiká predaja snackov a ich rozdelenie na kategórie. Priemerná ročná spotreba slaných snackov. Podiel predaja slaných snackov na trhu. Obalová technika tohto sortimentu a jeho distribúcia. | ||
| 610 | 2 | 0 | |a požívatiny |
| 610 | 2 | 0 | |a výrobky |
| 610 | 2 | 0 | |a technika obalová |
| 610 | 2 | 0 | |a predaj |
| 610 | 2 | 0 | |a potravinárstvo |
| 610 | 2 | 0 | |a Slovensko |
| 100 | 1 | |a Marinkovičová, Denisa | |